BIBLIOTECA “JULIO CORTÁZAR”
ESCUELA AGROTÉCNICA “LIBERTADOR GENERAL SAN MARTÍN” - UNR – CASILDA

Logo Escuela Logo UNR

Historia de la Sociedad Rural Argentina : (Record no. 310)

MARC details
000 -LEADER
campo de control de longitud fija 00913nam#a22003255a#4500
001 - NÚMERO DE CONTROL
campo de control 310
008 - DATOS DE LONGITUD FIJA--INFORMACIÓN GENERAL
campo de control de longitud fija 060615s19662000ag#####f|||||#||1#||spa#d
080 ## - NÚMERO DE LA CLASIFICACIÓN DECIMAL UNIVERSAL
Número de la Clasificación Decimal Universal 94 Sociedad Rural Argentina
084 ## - OTRO NÚMERO DE CLASIFICACIÓN
Número de clasificación N48
040 ## - FUENTE DE CATALOGACIÓN
Centro catalogador/agencia de origen AR-ClEAG
Centro/agencia transcriptor AR-ClEAG
005 - FECHA Y HORA DE LA ÚLTIMA TRANSACCIÓN
campo de control 20241107184631.0
003 - IDENTIFICADOR DE NÚMERO DE CONTROL
campo de control AR-ClEAG
100 1# - ENTRADA PRINCIPAL--NOMBRE DE PERSONA
Nombre de persona Newton, Jorge.
245 10 - MENCIÓN DEL TÍTULO
Título Historia de la Sociedad Rural Argentina :
Resto del título En el Centenario de su fundación /
Mención de responsabilidad, etc. Jorge Newton.
250 ## - MENCION DE EDICION
Mención de edición 2 ed.
260 ## - PUBLICACIÓN, DISTRIBUCIÓN, ETC.
Lugar de publicación, distribución, etc. Buenos Aires :
Nombre del editor, distribuidor, etc. Editorial y Librería Goncourt,
Fecha de publicación, distribución, etc. 1966.
300 ## - DESCRIPCIÓN FÍSICA
Extensión 381 p. ;
Dimensiones 22 cm.
490 0# - MENCIÓN DE SERIE
Mención de serie Colección Nuestras Instituciones.
Designación de volumen o secuencia no. 348
500 ## - NOTA GENERAL
Nota general Sociedad Rural y su historia.
653 ## - TÉRMINO DE INDIZACIÓN--NO CONTROLADO
Término no controlado Patrimonio
653 ## - TÉRMINO DE INDIZACIÓN--NO CONTROLADO
Término no controlado Agro
653 ## - TÉRMINO DE INDIZACIÓN--NO CONTROLADO
Término no controlado Finalidades
653 ## - TÉRMINO DE INDIZACIÓN--NO CONTROLADO
Término no controlado Socios
653 ## - TÉRMINO DE INDIZACIÓN--NO CONTROLADO
Término no controlado Explotaciones agropecuarias
653 ## - TÉRMINO DE INDIZACIÓN--NO CONTROLADO
Término no controlado Vaquerías
653 ## - TÉRMINO DE INDIZACIÓN--NO CONTROLADO
Término no controlado Malones
653 ## - TÉRMINO DE INDIZACIÓN--NO CONTROLADO
Término no controlado Nacimiento
653 ## - TÉRMINO DE INDIZACIÓN--NO CONTROLADO
Término no controlado Sociedad rural
942 ## - ELEMENTOS DE ENTRADA SECUNDARIOS (KOHA)
Tipo de ítem Koha Libros
980 ## - EQUIVALENCIA O REFERENCIA-CRUZADA-MENCIÓN DE SERIE--NOMBRE DE PERSONA/TÍTULO [LOCAL, CANADÁ]
Enlace 2
Nombre de persona Evangelina Gallicchio
Enlace entre campo y número de secuencia 2
Información miscelánea Evangelina Gallicchio
Holdings
Estatus retirado Estado de pérdida Fuente del sistema de clasificación o colocación Estado de daño No para préstamo Biblioteca de origen Biblioteca actual Ubicación en estantería Fecha de adquisición Número de inventario Total de préstamos Signatura topográfica completa Código de barras Visto por última vez Precio de reemplazo Tipo de ítem Koha
    Clasificación decimal universal     Julio Cortázar Julio Cortázar   07/11/2024 312   R07 94 Sociedad Rural Argentina N48 1 Ej.1 312 07/11/2024 07/11/2024 Libros

Contacto

Biblioteca Julio Cortázar. Escuela Agrotécnica "Libertador San Martín". Universidad Nacional de Rosario
Dirección: Ov. Lagos 1000 - 2170 Casilda - Santa Fe - Argentina
Tel: (54) (03464) 422226.
Fax: (54) (03464) 427789.
E-Mail: biblio-eac@unr.edu.ar